Statistics for Los Angeles Kings Records

Click here to take the quiz!

General Stats

  • This quiz has been taken 114 times
  • The average score is 7 of 18

Answer Stats

HintAnswer% Correct
Most Points in a Single Season168Wayne Gretzky
89%
Lowest GAA (Minimum 30 games)2.30Jonathan Quick
75%
(Team Record) Conference Championships2
72%
Most Goals Scored557Luc Robitaille
70%
(Team Record) Stanley Cups1
68%
(Team Record) Division Chamionships1
68%
Most Assists757Marcel Dionne
59%
(Team Record) Most Wins in a SeaonThree Times 91,'10,'1146
48%
(Team Record) Least Wins in a Season'7220
40%
Most Games Played1111Dave Taylor
35%
Most Penalty Minutes1846Marty Mcsorley
32%
Most Games Played as a Goalie389Rogatien Vachon
23%
Most Shorthanded Goals25Bernie Nicholls
21%
(Team Record) Least Goals Against'02190
5%
(Team Record) Least Goals For'70168
4%
(Team Record) Most Goals For'89376
4%
(Team Record) Most Goals Against'86389
2%
(Team Record) Most Penalty Minutes in a Season'932247
0%

Score Distribution

Percentile by Number Answered

Percent of People with Each Score

Your Score History

You have not taken this quiz